000 00340nam a2200145Ia 4500
008 230711s9999||||xx |||||||||||||| ||und||
041 _aENG
082 _a624
_bAL-H
100 _aAlpern Andrew
245 0 _aHoldouts
250 _a3rd
260 _c1984
_aNew York
_bTata McGraw Hill Education Limited
650 _aArchitecture
942 _cBK
999 _c305
_d305